<?xml version="1.0" encoding="UTF-8"?><?xml-stylesheet type="text/xsl" href="static/style.xsl"?><OAI-PMH xmlns="http://www.openarchives.org/OAI/2.0/" xmlns:xsi="http://www.w3.org/2001/XMLSchema-instance" xsi:schemaLocation="http://www.openarchives.org/OAI/2.0/ http://www.openarchives.org/OAI/2.0/OAI-PMH.xsd"><responseDate>2026-04-17T15:27:18Z</responseDate><request verb="GetRecord" identifier="oai:www.recercat.cat:2445/116998" metadataPrefix="marc">https://recercat.cat/oai/request</request><GetRecord><record><header><identifier>oai:recercat.cat:2445/116998</identifier><datestamp>2025-12-04T21:19:06Z</datestamp><setSpec>com_2072_1057</setSpec><setSpec>col_2072_478859</setSpec><setSpec>col_2072_478917</setSpec></header><metadata><record xmlns="http://www.loc.gov/MARC21/slim" xmlns:dcterms="http://purl.org/dc/terms/" xmlns:xsi="http://www.w3.org/2001/XMLSchema-instance" xmlns:doc="http://www.lyncode.com/xoai" xsi:schemaLocation="http://www.loc.gov/MARC21/slim http://www.loc.gov/standards/marcxml/schema/MARC21slim.xsd">
   <leader>00925njm 22002777a 4500</leader>
   <datafield ind2=" " ind1=" " tag="042">
      <subfield code="a">dc</subfield>
   </datafield>
   <datafield ind2=" " ind1=" " tag="720">
      <subfield code="a">Arauzo Carod, Josep Maria</subfield>
      <subfield code="e">author</subfield>
   </datafield>
   <datafield ind2=" " ind1=" " tag="720">
      <subfield code="a">Viladecans Marsal, Elisabet</subfield>
      <subfield code="e">author</subfield>
   </datafield>
   <datafield ind2=" " ind1=" " tag="260">
      <subfield code="c">2017-10-24T08:21:31Z</subfield>
   </datafield>
   <datafield ind2=" " ind1=" " tag="260">
      <subfield code="c">2017-10-24T08:21:31Z</subfield>
   </datafield>
   <datafield ind2=" " ind1=" " tag="260">
      <subfield code="c">2009</subfield>
   </datafield>
   <datafield ind2=" " ind1=" " tag="520">
      <subfield code="a">The aim of this paper is to track the location decisions of knowledge-intense firms in a redeveloped urban district in the city of Barcelona in which government policy has promoted the formation of a cluster of knowledge-based activities. After decades of economic and industrial stagnation in a district called Poblenou, in the year 2000 the City Council of Barcelona implemented a plan to renew the area’s urban and economic structure. Under the development plan, knowledge-based firms were encouraged to set up in the area creating a cluster of Advanced activities. This paper examines the success of this local policy and aims to determine whether cluster amenities have played a part in attracting knowledge-based activities. First, we evaluate the cluster implementation via a differences-in-differences analysis comparing the increase in the number of knowledge-based firms in this specific area with the increase of this kind of firm elsewhere in the city and the metropolitan area. Second, to test whether cluster amenities are determinant factors for the location of knowledge-based firms, we perform a multivariate regression analysis explaining intra-city firm location at the ZIP code level. Data about new firms come from a business-census that contains detailed information about location determinants of these firms as well as their characteristics.</subfield>
   </datafield>
   <datafield tag="653" ind2=" " ind1=" ">
      <subfield code="a">Localització industrial</subfield>
   </datafield>
   <datafield tag="653" ind2=" " ind1=" ">
      <subfield code="a">Gestió del coneixement</subfield>
   </datafield>
   <datafield tag="653" ind2=" " ind1=" ">
      <subfield code="a">Sistemes productius locals</subfield>
   </datafield>
   <datafield tag="653" ind2=" " ind1=" ">
      <subfield code="a">Industrial location</subfield>
   </datafield>
   <datafield tag="653" ind2=" " ind1=" ">
      <subfield code="a">Industrial clusters</subfield>
   </datafield>
   <datafield tag="653" ind2=" " ind1=" ">
      <subfield code="a">Knowledge management</subfield>
   </datafield>
   <datafield tag="653" ind2=" " ind1=" ">
      <subfield code="a">22@bcn</subfield>
   </datafield>
   <datafield ind2="0" ind1="0" tag="245">
      <subfield code="a">Can a knowledge-based cluster be created? The case of the Barcelona 22@district</subfield>
   </datafield>
</record></metadata></record></GetRecord></OAI-PMH>